000 00934nam a22003257a 4500
001 BR7702633
003 BR-BrBNA
005 20230928085257.0
007 ta
008 230509b bl.||||| |||| 00| 0 por d
040 _aBR-BrBNA
_bpor
_cBiblioteca Nacional de Agricultura
041 _a(Por)
072 _aP12; F22; F23
_b/G514
090 _ P12 BR7702633
110 1 _aDepartamento Nacional de Obras Contra as Secas, Fortaleza, CE (Brasil)
245 1 _aInstrucoes gerais a serem observadas na construcao das barragens de terra [Brasil]
250 1 _a2. ed.
260 3 _aFortaleza, CE (Brasil):
_c1977.
300 _a251 p.
500 _a70 illus.; 18 ref.
650 _aBARRAGEM
650 _aENGENHARIA RURAL
650 _aSOLO
650 _aMECANICA DO SOLO
650 _aCOMPACTACAO DO SOLO
650 _aCLASSIFICACAO DO SOLO
650 _aACUDE
909 _a202309
_bLucia
_c55
_dLucia Elande
942 _cBK
999 _c23625
_d23625